UM Logo
Normal view MARC view
  • Chakraborty, Sombuddha.

Entry Personal Name

Number of records used in: 1

001 - CONTROL NUMBER

  • control field: 54269

003 - CONTROL NUMBER IDENTIFIER

  • control field: OSt

005 - DATE AND TIME OF LATEST TRANSACTION

  • control field: 20240312090028.0

008 - FIXED-LENGTH DATA ELEMENTS

  • fixed length control field: 240312|| aca||aabn | a|a d

040 ## - CATALOGING SOURCE

  • Original cataloging agency: OSt
  • Transcribing agency: OSt

100 ## - HEADING--PERSONAL NAME

  • Personal name: Chakraborty, Sombuddha.
  • Relator term: author.

670 ## - SOURCE DATA FOUND

  • Source citation: Work cat.: (OSt): Khatua, Mausamjeet. author. 54266, Performance enhancement of ICN-based single-state AC-DC converters using reconfigurable inverters / , July 2022.